header

Phenomenology and eschatology (Record no. 21257)

MARC details
000 -LEADER
fixed length control field 01443nam a2200349Ia 4500
082 04 - DEWEY DECIMAL CLASSIFICATION NUMBER
Classification number 236.01
100 1# - MAIN ENTRY--AUTHOR NAME
Personal name DeRoo, Neal,
245 10 - TITLE STATEMENT
Title Phenomenology and eschatology
260 ## - PUBLICATION, DISTRIBUTION, ETC. (IMPRINT)
Place of publication Farnham, Surrey ;
-- Burlington, Vt. :
Name of publisher Ashgate,
Year of publication c2009.
300 ## - PHYSICAL DESCRIPTION
Number of Pages ix, 216 p.
490 1# - SERIES STATEMENT
Series statement Ashgate new critical thinking in religion, theology, and biblical studies
650 #0 - SUBJECT ADDED ENTRY--TOPICAL TERM
Topical Term Eschatology.
Topical Term Phenomenology.
Topical Term Philosophy and religion.
700 1# - ADDED ENTRY--PERSONAL NAME
Personal name Manoussakis, John Panteleimon.
856 40 - ELECTRONIC LOCATION AND ACCESS
Uniform Resource Identifier http://site.ebrary.com/lib/rucke/Doc?id=10273840

No items available.

© 2026 Rongo University
Contact us: librarian | system librarian | Rongo university